000 00492nam a2200181Ia 4500
005 20250326141436.0
008 250326s9999 xx 000 0 und d
037 _aTextbook
040 _aFMSL
_beng
_cFMSL
041 _aeng
_2eng
084 _qFMSL
100 _aPatel Mukesh M
_9744466
245 0 _aTax planning via Planning of investments
_cPatel Mukesh M
260 _aDelhi
_bDelhi, Taxmann Allied Services
_c1990
300 _a223p
942 _cTB
999 _c1290336
_d1290336